000 00674nam a2200229 a 4500
001 BRCA_6340
005 20190320205423.0
008 150811s1915----gw-#######---#000-0#ger-#
041 _ager
044 _agw
050 4 _aD540
_b.K6 1915
100 1 _aKöster, Adolf
_d1883-1930
_915896
245 1 0 _aDie stille Schlacht
_bkriegsberichte aus dem Grossen Hauptquartier
_cvon Adolf Köster.
260 _aMúnich
_bAlbert Langen
_c1915
300 _a141 p.
_c23 cm.
500 _aEstado físico: Encuadernación deteriorada
500 _aK93
650 1 4 _aGuerra Mundial
_xCampañas
_915897
650 1 4 _aGuerra Mundial
_zAlemania
_915898
902 _aGFM
942 _2lcc
_cB
999 _c6026
_d6026